<?xml version="1.0" encoding="UTF-8"?>
<record
    xmlns:xsi="http://www.w3.org/2001/XMLSchema-instance"
    xsi:schemaLocation="http://www.loc.gov/MARC21/slim http://www.loc.gov/standards/marcxml/schema/MARC21slim.xsd"
    xmlns="http://www.loc.gov/MARC21/slim">

  <leader>00613nam a22001937a 4500</leader>
  <datafield tag="999" ind1=" " ind2=" ">
    <subfield code="c">187311</subfield>
    <subfield code="d">187311</subfield>
  </datafield>
  <controlfield tag="005">20220412132100.0</controlfield>
  <datafield tag="010" ind1=" " ind2=" ">
    <subfield code="a">ENG-132280</subfield>
  </datafield>
  <datafield tag="020" ind1=" " ind2=" ">
    <subfield code="c">699.00</subfield>
    <subfield code="a">9788194954750</subfield>
  </datafield>
  <datafield tag="035" ind1=" " ind2=" ">
    <subfield code="a">EN-115812</subfield>
  </datafield>
  <datafield tag="037" ind1=" " ind2=" ">
    <subfield code="b">DBAD/PUB</subfield>
  </datafield>
  <datafield tag="082" ind1=" " ind2=" ">
    <subfield code="a">355.0092</subfield>
  </datafield>
  <datafield tag="100" ind1=" " ind2=" ">
    <subfield code="a">Brigadier Jasbir</subfield>
  </datafield>
  <datafield tag="245" ind1=" " ind2=" ">
    <subfield code="a">The Fighting Fourth:</subfield>
    <subfield code="b">A Personal Narrative of the History of 4 Kumaon/</subfield>
  </datafield>
  <datafield tag="250" ind1=" " ind2=" ">
    <subfield code="a">First Edition</subfield>
  </datafield>
  <datafield tag="260" ind1=" " ind2=" ">
    <subfield code="a">Noida</subfield>
    <subfield code="b">BluOne India LLP</subfield>
    <subfield code="c">2021</subfield>
  </datafield>
  <datafield tag="270" ind1=" " ind2=" ">
    <subfield code="a">306 Tower-1, Assotech Business Cresterra, Plot No-22, Sector-135,Noida</subfield>
    <subfield code="b">Noida</subfield>
  </datafield>
  <datafield tag="300" ind1=" " ind2=" ">
    <subfield code="a">204p.</subfield>
    <subfield code="c">23.5cm.(hbk)</subfield>
  </datafield>
  <datafield tag="942" ind1=" " ind2=" ">
    <subfield code="2">ddc</subfield>
    <subfield code="c">EN</subfield>
    <subfield code="m">JAS</subfield>
    <subfield code="h">355.0092</subfield>
  </datafield>
  <datafield tag="952" ind1=" " ind2=" ">
    <subfield code="0">0</subfield>
    <subfield code="1">0</subfield>
    <subfield code="4">0</subfield>
    <subfield code="7">0</subfield>
    <subfield code="8">NFIC</subfield>
    <subfield code="a">BL1</subfield>
    <subfield code="b">BL1</subfield>
    <subfield code="d">2022-04-12</subfield>
    <subfield code="e">DBAD/PUB</subfield>
    <subfield code="g">699.00</subfield>
    <subfield code="l">1</subfield>
    <subfield code="o">355.0092 JAS</subfield>
    <subfield code="p">EN-115812</subfield>
    <subfield code="r">2022-11-25 00:00:00</subfield>
    <subfield code="s">2022-11-11</subfield>
    <subfield code="t">1</subfield>
    <subfield code="v">699.00</subfield>
    <subfield code="y">EN</subfield>
  </datafield>
</record>
